[Event "London Classic 7th"]
[Site "London"]
[Date "2015.12.07"]
[Round "4"]
[White "Carlsen, Magnus"]
[Black "Adams, Michael"]
[Result "1/2-1/2"]
[WhiteElo "2850"]
[BlackElo "2744"]
[Annotator "Mokal,P"]
[PlyCount "155"]
[EventDate "2015.12.04"]
[EventType "tourn"]
[EventRounds "9"]
[EventCountry "ENG"]
[EventCategory "22"]
[SourceTitle "CBM 170"]
[Source "ChessBase"]
[SourceDate "2016.01.15"]
[SourceVersion "1"]
[SourceVersionDate "2016.01.15"]
[SourceQuality "1"]

1. Nf3 ({On move number 33 in the main game below, Carlsen was of the opinion
that perhaps he should have taken the N with his B and gone for a RR vs RBP
endgame with 3 other Ps each on the kingside. That endgame would be somewhat
similar to the following one that occured in Tkachiev - Van Wely, 2003 with
light notes by endgame expert Karsten Mueller in CBM 95. It went -} 1. d4 Nf6
2. c4 g6 3. g3 Bg7 4. Bg2 d5 5. cxd5 Nxd5 6. Nf3 Nb6 7. Nc3 Nc6 8. e3 e5 9. d5
Nb4 10. e4 c6 11. a3 Na6 12. a4 O-O 13. a5 Nc4 14. Qb3 cxd5 15. Nxd5 Nxa5 16.
Qc3 b6 17. b4 Bb7 18. bxa5 Bxd5 19. axb6 axb6 20. exd5 e4 21. Nd4 Qxd5 22. Be3
Rfc8 23. Qd2 Rc4 24. O-O Rxd4 25. Bxd4 Qxd4 26. Qxd4 Bxd4 27. Ra4 Bc3 28. Bxe4
Ra7 29. Bd3 Ba5 30. Bxa6 Rxa6 {This is the structure and material balance that
we are talking about.} 31. Rd1 Ra7 32. g4 Kg7 33. Rad4 Bc3 34. Rd7 Ra4 35. h3
Rf4 36. Kg2 b5 $5 37. R1d3 b4 38. Rb7 h6 39. Rf3 Rf6 40. Rxf6 Kxf6 {Without
the b-pawn Black's position is theoretically lost, but with it matters are not
completely clear. The game is not conclusive proof, so further analysis is
needed.} 41. Kf3 h5 $6 {opens for White many inroads on the light squares.} (
41... Be1 $142) 42. gxh5 gxh5 43. Rb5 Kg6 44. Ke4 Be1 45. f4 Bc3 46. Rb6+ f6
47. Rc6 Bb2 48. Rd6 Bc3 49. Rd3 Be1 $6 (49... f5+ $5 {came strongly into
consideration}) 50. Re3 Bd2 51. Rg3+ Kf7 52. Kf5 Ke7 53. Rd3 (53. Rg7+ $5 Kd6
54. Rh7 Kc5 55. Ke4 $16 (55. Kxf6 $2 b3 56. Rb7 b2 57. Rxb2 Bc3+ $11)) 53...
Bc3 54. Ke4 Kf7 55. f5 Kg7 56. Rg3+ Kh7 57. Kd5 Be5 58. Re3 Kh6 59. Ke6 Bd4 (
59... Bc3 60. h4 Kg7 61. Ke7 Kh7 62. Kf7 Be5 63. Rb3 Bc3 64. Rb1 Kh8 65. Rg1 b3
66. Rg8+ Kh7 67. Rg7+ Kh8 68. Kg6 b2 69. Rc7 $18) (59... Kg5 $2 {is refuted
nicely:} 60. Rxe5 fxe5 61. f6 b3 62. f7 b2 63. f8=Q b1=Q 64. Qf6#) 60. Rg3 $1
Be5 61. Rg6+ Kh7 62. Kf7 h4 (62... b3 63. Rg7+ Kh8 (63... Kh6 64. h4 b2 65. Kg8
b1=Q 66. Rg6#) 64. Kg6 b2 65. Rd7 Bc7 66. Rxc7 b1=Q 67. Rc8#) 63. Rg4 Kh6 64.
Rxb4 Kg5 65. Ke6 {1-0 (65) Tkachiev,V (2642)-Van Wely,L (2675) France 2003 CBM
095 [Mueller,Karsten]} (65. Ke6 Ba1 66. Rg4+ Kh5 67. Rg6 Bd4 68. Rxf6 $18))
1... d5 2. g3 Bg4 3. Bg2 c6 4. O-O e6 5. d3 Bd6 6. c4 Ne7 7. cxd5 exd5 8. Nc3
O-O 9. h3 Bh5 10. e4 Na6 $146 {In two previous games the N had been developed
to d7. From a6 the N can find a nice shielded square on c7 to protect d5 while
if needed, it can play an active role from b4 or c5.} (10... Nd7 11. Qc2 (11.
exd5 cxd5 (11... Nxd5 12. Nxd5 cxd5 13. Qb3 $14) 12. g4 Bg6 13. Nh4 $14) 11...
Rc8 12. Nd4 (12. Be3 $5) 12... Bg6 13. f4 $6 Bc5 (13... Qb6 $15) 14. Be3 $14 {
1-0 Miles,A (2595)-Vera Gonzalez Quevedo,R (2535)/Havana 1998 (53), with a
slight advantage of space.}) (10... dxe4 11. dxe4 Qc7 12. Qc2 Nd7 13. Be3 Rad8
14. Nd4 $14 {1/2-1/2 Berkovich,M (2334)-Azarov,S (2603)/Cappelle la Grande
2014 (31); was also slightly better for White.}) 11. exd5 (11. g4 Bg6 12. Nd4
$5 {/\f2-f4-f5.} (12. Nh4) 12... Re8 13. f4 Bc5 (13... Qb6 14. Be3 Qxb2 $13)
14. Be3 $13) 11... cxd5 (11... Nxd5 12. Nxd5 cxd5 13. Qb3 $14) 12. Re1 ({
Worth considering was} 12. g4 Bg6 13. Nh4 {to pocket the ^^ advantage.}) 12...
Nc6 13. d4 (13. g4 $5 Bg6 14. Nxd5 Nc5 $132 (14... Nab4 $5 15. Nxb4 Nxb4 16.
Ne5 Re8 (16... Nxd3 17. Nxd3 Bxd3 18. Bxb7 (18. Qxd3 $2 Bh2+ $19) 18... Rb8 19.
Qf3 $14) 17. Bd2 Bxe5 18. Bxb4 Bxd3) 15. d4 Nd3) 13... Nc7 14. a3 h6 15. b4 Rc8
(15... Re8 $5 16. Rxe8+ (16. Bb2 $6 Rxe1+ 17. Qxe1 Bxf3 18. Bxf3 Nxd4) 16...
Qxe8 17. Bb2 $14) 16. Bb2 a6 $6 {Adams "My ...a6 move was not very clever,
because it gave him a clear plan."} (16... Re8 $5) 17. Na4 $1 {Carlsen
immediately pounces on the weakened squares.} a5 18. Nc5 (18. Nb6 $5 Rb8 19.
bxa5 Nxa5 20. g4 Bg6 21. Ne5 Bxe5 22. dxe5 $16) 18... axb4 19. axb4 Rb8 (19...
b6 20. Qa4 $1 bxc5 21. dxc5 $16 Nxb4 22. cxd6 Qxd6 23. Be5 Qb6 24. Rab1 Nca6
25. Bd4 Qd6 26. Nh4 $1 $16 Bg6 27. Nxg6 fxg6 28. Bf1 $16 {Black's pieces are
stuck.}) 20. Qa4 (20. Qb3 $5 b6 21. Nd3 f6 (21... Bxf3 22. Bxf3 Ne6 23. Qxd5
Nxb4 24. Qb3 $16) 22. Rac1 $14) 20... Bxf3 21. Bxf3 Qf6 22. Qb3 (22. Bg4 $5
Bxc5 23. bxc5 $14) 22... Rfd8 23. Bg4 Nxd4 {Black finds the best way to fight,
giving up an exchange.} (23... Qg6 24. b5 Ne7 (24... Na5 25. Rxa5 b6 26. Ra7
bxc5 27. dxc5 Rxb5 28. Qf3 $1 Rxb2 29. cxd6 Ne6 30. Qxd5 $18) 25. b6 Ne8 26.
Ra7 $18) (23... Qg5 24. b5 $16) (23... Ra8 24. Kg2 (24. Nxb7 Bxb4) 24... Rxa1
25. Rxa1 b6 26. Nb7 Rb8 27. b5 Nxd4 28. Nxd6 Nxb3 29. Bxf6 Nxa1 30. Bxa1 $16) (
23... Bxc5 24. bxc5 $16) 24. Bxd4 Qxd4 25. Red1 Qc4 26. Qxc4 dxc4 27. Nd7 Rxd7
(27... Bxb4 28. Ra4 {would be similar to the game.}) 28. Bxd7 {Adams "I was
not very optimistic about my chances here."} Bxb4 29. Ra4 Bc5 $1 {Adams
visualises a nice fortress. Although not an impeccable one, this fortress
seems like his best chance to fight for a draw.} (29... Na6 30. Rc1 c3 31. Bb5
$16 {and Black's pieces are all stuck defending each other.}) 30. Rxc4 b6 {
Carlsen "I just assumed that I should be able to break down this fortress
somehow. But maybe it is not that easy."} 31. Kg2 g6 32. Bc6 Ne8 33. Rd7 ({
Carlsen "Perhaps I should have taken the N with} 33. Bxe8 Rxe8 34. Rd7 $14 {
with slightly better chances to win than in the game." A similar situation
occured in Tkachiev vs Van Wely, 2003 which you can find above in the note to
the 1st move.}) 33... Nf6 34. Ra7 Kg7 35. Ra8 Rxa8 36. Bxa8 h5 37. Ra4 Ng8 38.
Bd5 Ne7 39. Ba2 Nc6 ({Black could also think about going for his desired setup
immediately with} 39... Nf5 $5) 40. Ra8 Nb4 41. Bc4 Nc6 42. f4 Ne7 43. Kf3 ({
Adams was worried about} 43. Ra7 $5 {but Carlsen rejected it because of} h4 {
which seems to be simplifying towards a draw. For example} (43... b5 $2 44. Ra5
$18) 44. gxh4 (44. g4 b5 45. Ra5 (45. Rc7 Bd6 46. Rd7 Bxf4) 45... Bd6 46. Rxb5
Bxf4 $11) 44... b5 45. Ra5 Bd6 46. Rxb5 Bxf4 47. Rb7 Bd6 $13) 43... Nf5 44. Ra7
Nd6 ({Nakamura was of the opinion that keeping the N on e7 would secure an
easier draw, but the players were not sure about this assessment. While Adams
thought that the White K would penetrate via b5-a6-b7-c7 and so on, Carlsen
thought that Ke4-e5 at some point might create problems for Black. I tried
both these ideas, but could not find anything clear -} 44... Ne7 45. Ke4 Kf6 (
45... b5 46. Rc7 Bd6 47. Rd7 $18) 46. Rb7 Kg7 47. Kd3 (47. g4 hxg4 48. hxg4 Kf6
49. g5+ Kg7 50. Kd3 Kf8 51. Kc2 Bd6) (47. Ke5 Nc6+ 48. Kd5 Ne7+ 49. Ke4 Kf6 50.
g4 hxg4 51. hxg4 Kg7 52. g5 Kf8 53. Ke5 Kg7 54. Rc7 Kf8 {It is still not clear
how White can make progress.} 55. Rd7 (55. Rxc5 bxc5 56. Kf6 Ng8+ $11) (55. Kf6
$4 Bd4#) 55... Ke8 56. Rb7 Kf8) 47... Kf8 48. Kc3 Kg7 (48... Bf2 49. g4 hxg4
50. hxg4 Be3 51. f5 gxf5 52. gxf5) 49. Kb3 Kf8 50. Ka4 Bf2 51. g4 hxg4 52. hxg4
Bc5 53. Kb5 Kg7 54. Ka6 Kf8 55. Ba2 (55. Rc7 Bd6) 55... Kg7 56. Ra7 (56. Rd7
Kf8 57. Kb7 Be3 58. Rd8+ Kg7 59. Re8 Bc5 60. Kc7 Ng8 61. g5 Ne7 62. Kd7 Nf5 63.
Bb1 Nd6 (63... Ng3 $5)) 56... Kf8 57. Kb7 {and in spite of getting the K into
the enemy camp I found it tough to make progress. Some sample variations -} Be3
58. Ra8+ (58. Ra4 Ng8 59. Re4 Bc5 60. g5 Ne7 61. Kc7 Kg7 62. Kd7 Nf5) 58... Kg7
59. Re8 Bc5 60. Bb3 Ng8 (60... Kf6 61. Rf8) 61. Rd8 Nh6 (61... Ne7 62. Rd7 Kf8
63. Kc7) 62. Rd7 (62. g5 Nf5 63. Rd7 Ne7 64. Kc7 Kf8 65. Rd1 (65. Kd8 Nc6+ 66.
Kc7 Ne7) 65... Be3 66. Kd7 Nf5 $13) 62... g5 $5 (62... Nxg4 63. Rxf7+ Kh6 64.
Bc2) 63. f5 (63. fxg5 Nxg4 64. Rxf7+ Kg6 65. Be6 Ne3 $11) 63... Nxg4 64. Rxf7+
Kh6 65. Rc7 Ne5 66. f6 Kg6 67. f7 Bd6 68. Ka6 Kg7 69. Ra7 g4 70. Ra8 Bf8 $11)
45. Bd5 Bd4 46. Rd7 Bc5 47. Ba2 Kf6 48. g4 hxg4+ 49. hxg4 Kg7 50. Rd8 Nb7 51.
Rd7 Nd6 52. Ke2 Kf8 53. Kd3 Kg7 54. Bd5 Kf8 55. Rd8+ Kg7 56. Bc6 Kh7 57. g5 Kg7
58. Bd5 Kh7 59. Rd7 Kg7 60. Ke2 Kf8 61. Kf3 Ke8 62. Rc7 Bd4 (62... Kf8 $5) 63.
Kg4 (63. Bxf7+ Nxf7 64. Rc6 Nh8 65. Ke4 Kd7 $11) 63... Be3 $6 {After a lot of
manouvering, Adams makes a slip, overlooking White's strong idea.} ({He should
have played} 63... Kf8 $142 {not allowing Bf7. Then Carlsen was intending to
use the idea of} 64. f5 (64. Bxf7 $2 Nxf7 65. Rc6 Kg7 $11) 64... gxf5+ 65. Kh5
{, with minor chances, according to him. This would still be a draw, but it
would require some accuracy from Black (less than the game though).}) 64. Bxf7+
$1 {Adams admitted to having overlooked this point. But luckily, he managed to
collect himself and continue to find the best resources in a difficult
position.} Nxf7 65. Rc6 Bd4 66. Rxg6 b5 {Black has a striking harmony and
flexibility between his K,B,N&P. Its like they are all there for each other,
always. He can use the P as a decoy for the R, or he can even think about
sacrificing the 2 pieces for White's two pawns and draw the K+P vs K+R ending.}
67. Rg8+ (67. Kf3 $5 b4 68. Ke4 Bc3 69. Rb6 Kd7 70. Kd5 Ke7 71. g6 Nh6 $11) (
67. Kh5 Kd7 $1 $11) 67... Kd7 68. f5 (68. Rb8 Nd6 69. f5 Kc7 70. Ra8 b4 71. Ra4
Bc3) (68. Ra8 b4 69. g6 Nd6 70. g7 Bxg7 71. Ra7+ Kc6 72. Rxg7 b3 73. Re7 Kc5
$11) 68... Be3 $1 {Carlsen underestimated this defense. He thought White would
win this but he missed 74...Ne7 in the variation below with 73.Kh5.} 69. Rg7 (
69. g6 $2 Nh6+ 70. Kf3 Nxg8 71. Kxe3 $11) 69... Ke8 70. Rg8+ Kd7 71. Rg7 Ke8
72. g6 Nh6+ $1 73. Kf3 (73. Kh5 Nxf5 74. Rf7 Ne7 $1 $11 (74... Nh6 $2 75. Rf3
Bd2 76. g7 $18 b4 77. Kg6 Ke7 78. Rd3 Bc1 79. Rd1 Bf4 80. Rd4 Bc1 81. Rxb4 Bd2
(81... Ng8 82. Rb8 Nh6 83. Rh8 $18) 82. Re4+ Kd7 83. Rd4+ $18) (74... Nd6 $2
75. Rf6 $18)) 73... Nxf5 74. Rf7 Nh4+ 75. Kxe3 Nxg6 76. Rb7 b4 77. Ke4 b3 78.
Rxb3 1/2-1/2

[Event "NIC Classic KO 2021"]
[Site "chess24.com INT"]
[Date "2021.04.30"]
[Round "2.22"]
[White "Carlsen, M."]
[Black "Aronian, L."]
[Result "1/2-1/2"]
[WhiteElo "2847"]
[BlackElo "2781"]
[PlyCount "71"]
[EventDate "2021.04.27"]
[EventType "k.o. (rapid)"]
[EventRounds "3"]
[SourceTitle "The Week in Chess 1382"]
[Source "Mark Crowther"]
[SourceDate "2021.05.03"]
[SourceVersion "1"]
[SourceVersionDate "2021.05.03"]
[SourceQuality "2"]

1. e4 e5 2. Nf3 Nc6 3. Bc4 Bc5 4. c3 Nf6 5. d3 d6 6. O-O O-O 7. Re1 a5 8. Bg5
h6 9. Bh4 g5 10. Bg3 Nh7 11. d4 Ba7 12. h3 h5 13. Nbd2 h4 14. Bh2 exd4 15. Nxd4
Nxd4 16. cxd4 Bxd4 17. Nf3 Bxb2 18. Rb1 Bg7 19. e5 d5 20. Bxd5 c6 21. Bxf7+
Kxf7 22. e6+ Bxe6 23. Qc2 Kg8 24. Rxe6 Qd5 25. Rd6 Qf5 26. Qxf5 Rxf5 27. Rxb7
Rb5 28. Rxg7+ Kxg7 29. Be5+ Kf8 30. Rd7 Re8 31. Bd4 Re7 32. Rd6 Rc7 33. Be5 Re7
34. Bd4 Rc7 35. Be5 Re7 36. Bd4 1/2-1/2

[Event "Eurotel Trophy sim"]
[Site "Prague"]
[Date "2001.10.18"]
[Round "1"]
[White "Kasparov, Garry"]
[Black "Babula, Vlastimil"]
[Result "1-0"]
[WhiteElo "2838"]
[BlackElo "2566"]
[Annotator "Gershon,A"]
[PlyCount "107"]
[EventDate "2001.10.18"]
[EventType "simul"]
[EventRounds "1"]
[EventCountry "CZE"]
[SourceTitle "CBM 086"]
[Source "ChessBase"]
[SourceDate "2002.02.05"]
[SourceVersion "1"]
[SourceVersionDate "2002.02.05"]
[SourceQuality "1"]

1. e4 c5 2. Nf3 Nc6 3. Nc3 e5 4. Bc4 d6 5. d3 Be7 6. Nd2 Nf6 7. Nf1 Bg4 8. f3
Be6 9. Ne3 O-O (9... a6 10. a4 Nb4 11. O-O d5 12. exd5 Nbxd5 13. Nexd5 Nxd5 14.
Bxd5 Bxd5 15. Qe2 Be6 16. Qxe5 Bf6 17. Qe2 O-O 18. Ne4 Be7 19. Be3 Rc8 $44 {
Kucypera,A-Krupa,M/ Brzeg Dolny POL 2001/ 0-1 (48)}) 10. O-O Nd7 (10... a6 11.
a4 Nb4 12. Qe2 Rb8 13. Bd2 Nh5 14. g3 Bg5 15. Rf2 Nc6 16. Raf1 Nd4 17. Qd1 Bxe3
18. Bxe3 Bh3 19. f4 Nf6 20. fxe5 dxe5 21. Rxf6 $1 gxf6 22. Bh6 $40 {Golubev,
M-Parligras,M/ Bucharest ROM 2001/ 1-0 (26)}) 11. Ned5 Nb6 12. Nxb6 Qxb6 13.
Nd5 Bxd5 $6 (13... Qd8 {Ftacnik} 14. f4 $14) 14. Bxd5 {White's going for a
small but long term advantage, the light squared B.} Nb4 15. Bc4 Rad8 16. f4
exf4 17. Rxf4 d5 (17... Bg5 $2 {Ftacnik} 18. Rxf7 $1 Rxf7 19. Bxf7+ Kxf7 20.
Bxg5 $16) 18. exd5 Nxd5 19. Rf5 Nc7 (19... Qe6 {Ftacnik} 20. Qf3 Qe1+ 21. Qf1
Qxf1+ 22. Kxf1 $14) 20. Qf3 $14 Qg6 (20... Bf6 {Ftacnik} 21. c3) (20... Ne6 {
Ftacnik} 21. c3 $14) 21. a4 Ne8 22. Be3 {Ftacnik: 'Open position and bishops
pair slightly favour Kasparov even though black's position is rock solid.'} b6
(22... Nd6 {Ftacnik} 23. Rxc5 $16) 23. Bb3 Nd6 24. Rd5 (24. Rf4 $4 Bg5 $19)
24... Qf6 25. Rf1 Qxf3 (25... Qxb2 $5 26. Qg3 {is not a position you want to
be defending against Kasparov} (26. d4 $143 Qc3 {'!' Ftacnik.} (26... c4 27.
Bc1 Qa1 28. Bg5 $18) (26... cxd4 $2 {Ftacnik} 27. Bxd4 Qa3 28. Qg3 $18) 27.
dxc5 Nc4 28. Rxd8 Bxd8 29. cxb6 (29. Bf4 {Ftacnik} Qd4+ 30. Qf2 $14) 29...
Qxe3+ (29... Ne5 {Ftacnik} 30. Qf2 Qxe3 31. Qxe3 Bxb6 $11) 30. Qxe3 Nxe3 31.
Rxf7 $1 Bxb6 (31... Rxf7 32. bxa7 $18) 32. Rf3+ Nc4+ (32... Nd5+ {Ftacnik} 33.
Kf1 Rxf3+ 34. gxf3 $14) 33. Kf1 Rxf3+ 34. gxf3 Kf7 $11)) 26. Rxf3 Bf6 $1 {
Forcing white to play c2-c3, thus weakenning the 'd3' pawn which allows black
to swap one pair of R and make his defensive task easier} 27. c3 Nc8 28. g4 {
'!' Ftacnik.} Rxd5 29. Bxd5 Rd8 (29... h6 {- game}) 30. Bc4 Nd6 31. Ba2 h6 32.
Bf4 (32. Bxh6 $6 Bxc3 33. bxc3 gxh6 $14) 32... g5 33. Bg3 Kg7 34. Kf1 a6 $2 {
creating another weakness (either b6 or c5 P)} 35. Bf2 Rc8 36. Bg3 Rd8 37. Ke2
b5 {'?!' Ftacnik.} (37... Re8+ {Ftacnik} 38. Re3 Rxe3+ 39. Kxe3 Be7 40. d4 $14)
38. a5 (38. axb5 axb5 39. Bxd6 Rxd6 40. Rf5 {woulf have been less strong as in
the game white has another weakness to play against}) 38... b4 39. Bxd6 {
'!' Ftacnik. Ftacnik: 'Babula will be badly suffering in a position with
opposite colour bishops, since a6 and f7 are prefect targets.'} (39. Kd2 $4
bxc3+ 40. bxc3 Ne4+ 41. Kc2 Nxc3 $17) 39... Rxd6 40. Kd2 Rd7 41. Rf5 (41. Bc4
Bd8 42. Rf5 Bxa5 43. Rxc5 Bc7 44. h3 a5 $132) 41... Rb7 42. Kc2 ({of course
not:} 42. Rxc5 $4 bxc3+ 43. bxc3 Rb2+ $19) 42... bxc3 43. bxc3 Rb5 (43... Re7 {
Ftacnik} 44. Bc4 Re5 45. Rf1 $1 (45. Rxe5 {Ftacnik} Bxe5 46. Kb3 Bxh2 47. Bxa6
Bc7 48. Ka4 f5 $132) 45... Re2+ 46. Kb3 Rxh2 47. Bxa6 Bd8 48. Ra1 $18) 44. Bc4
Rxa5 45. d4 {White has a huge advantage due to the more advanced passed pawn
and the much more active pieces '!' Ftacnik.} Kg6 46. dxc5 Be7 (46... Kg7 {
Ftacnik} 47. Kb3 Ra1 48. c6 $18) 47. c6 $1 (47. Bxf7+ $2 Kg7 48. c6 Rxf5 49.
gxf5 Bd6 50. Be6 Kf6 $11) 47... Bd8 (47... Rxf5 $4 48. gxf5+ Kxf5 49. c7 $18)
48. Bxf7+ Kg7 49. Bd5 Rc5 50. c4 {The rest is agony.} Bf6 51. Kd3 Bb2 52. Rf2
Ba1 53. Ke4 Kg6 54. Ra2 1-0

[Event "Wch Blitz 6th"]
[Site "Astana"]
[Date "2012.07.09"]
[Round "5"]
[White "Carlsen, Magnus"]
[Black "Ivanchuk, Vassily"]
[Result "1-0"]
[WhiteElo "2837"]
[BlackElo "2769"]
[PlyCount "105"]
[EventDate "2012.07.09"]
[EventType "tourn (blitz)"]
[EventRounds "30"]
[EventCountry "KAZ"]
[EventCategory "19"]
[SourceTitle "CBM 149 Extra"]
[Source "ChessBase"]
[SourceDate "2012.08.24"]
[SourceVersion "1"]
[SourceVersionDate "2012.08.24"]
[SourceQuality "1"]

1. e4 c6 2. Nc3 d5 3. Nf3 Bg4 4. h3 Bxf3 5. Qxf3 e6 6. d4 dxe4 7. Qxe4 Nf6 8.
Qh4 Be7 9. Bd3 Nbd7 10. O-O O-O 11. Bg5 g6 12. Bh6 Re8 13. Ne2 e5 14. Bc4 exd4
15. Nxd4 Nh5 16. Qe4 Bf8 17. Bxf7+ Kxf7 18. Qf3+ Kg8 19. Qb3+ Kh8 20. Be3 Nc5
21. Qc3 Ne4 22. Qb3 Qb6 23. Qf7 Re7 24. Qf3 Qa5 25. Rfe1 Rae8 26. Nb3 Qf5 27.
Qxf5 gxf5 28. Bxa7 Nf4 29. f3 Ng3 30. Rxe7 Rxe7 31. Bc5 Re2 32. Bf2 Rxc2 33.
Nd4 Rxb2 34. Rd1 Bc5 35. Kh2 Ngh5 36. Nxf5 Kg8 37. Bxc5 Rxg2+ 38. Kh1 Rg5 39.
Rd8+ Kf7 40. Rf8+ Ke6 41. Nd4+ Kd5 42. Ba7 c5 43. Nb5 Ng3+ 44. Kh2 Nf1+ 45. Kh1
Ne2 46. Nc3+ Nxc3 47. f4 Rg7 48. Rf5+ Ke4 49. Rxc5 Nd5 50. Rc4+ Kf3 51. Bd4
Ng3+ 52. Kh2 Ne4 53. Bxg7 1-0

[Event "1st Abu Dhabi Super Blitz"]
[Site "chess.com INT"]
[Date "2020.04.15"]
[Round "4"]
[White "Caruana, F."]
[Black "Davtyan, Artur"]
[Result "1-0"]
[WhiteElo "2835"]
[BlackElo "2461"]
[PlyCount "63"]
[EventDate "2020.04.15"]
[EventType "swiss (blitz)"]
[EventRounds "11"]
[SourceTitle "The Week in Chess 1328"]
[Source "Mark Crowther"]
[SourceDate "2020.04.20"]
[SourceVersion "1"]
[SourceVersionDate "2020.04.20"]
[SourceQuality "2"]

1. e4 e5 2. Nf3 Nc6 3. Bb5 a6 4. Ba4 Nf6 5. d3 Bc5 6. c3 b5 7. Bb3 d6 8. Nbd2
O-O 9. Nf1 Ng4 10. d4 exd4 11. cxd4 Bb4+ 12. Bd2 Bxd2+ 13. Qxd2 Bb7 14. Ng3 Ne7
15. O-O Ng6 16. Rfe1 c5 17. Rad1 Re8 18. a4 h6 19. Bc2 Qf6 20. h3 N4e5 21. dxe5
dxe5 22. Qd6 Qxd6 23. Rxd6 Nf4 24. Rb6 Bc8 25. axb5 axb5 26. Rxb5 Ra2 27. Bb3
Rxb2 28. Bxf7+ Kxf7 29. Rxb2 Nd3 30. Reb1 Nxb2 31. Rxb2 Kf6 32. Rc2 1-0

[Event "Paris GCT Blitz"]
[Site "Paris"]
[Date "2017.06.24"]
[Round "1"]
[White "Carlsen, Magnus"]
[Black "Caruana, Fabiano"]
[Result "1-0"]
[WhiteElo "2832"]
[BlackElo "2808"]
[PlyCount "75"]
[EventDate "2017.06.21"]
[EventType "tourn (blitz)"]
[EventRounds "18"]
[EventCountry "FRA"]
[EventCategory "22"]
[SourceTitle "CBM 179"]
[Source "ChessBase"]
[SourceDate "2017.07.12"]
[SourceVersion "1"]
[SourceVersionDate "2017.07.12"]
[SourceQuality "1"]

1. d4 d5 2. Bf4 Nf6 3. e3 e6 4. Nf3 c5 5. c3 Nc6 6. Nbd2 Bd6 7. Bg3 O-O 8. Bb5
Bxg3 9. hxg3 Qb6 10. a4 h6 11. O-O Ne7 12. Qb3 Qc7 13. a5 Bd7 14. Be2 Ng6 15.
Qa3 c4 16. b3 cxb3 17. Nxb3 Ne4 18. Rfc1 Bc6 19. c4 dxc4 20. Rxc4 Qd8 21. Nc5
Nd6 22. Rc2 Bd5 23. Bd3 b6 24. e4 bxc5 25. exd5 exd5 26. dxc5 Ne4 27. c6 Qc7
28. Qb3 Rfd8 29. Qb7 Rac8 30. Rb1 Qxa5 31. c7 Rf8 32. Qb5 Qa3 33. Qxd5 Nc3 34.
Rxc3 Qxc3 35. Bxg6 Rxc7 36. Ne5 Qc5 37. Bxf7+ Rfxf7 38. Rb8+ 1-0